000 00530nam a2200169Ia 4500
005 20250508163412.0
008 008 250505s9999 xx 000 0 eng d
037 _aTextual
040 _aFEDL
_beng
_cFEDL
041 _aeng
_2eng
084 _a420.7, RAM
_qFEDL
245 0 _aReport of the english seminars for the teachers of standard 6th 1961-62
260 _aCoimbatore, India
_bSri Ramakrishna Mission Vidyalaya Teachers College
300 _a90p.
942 _cTEXL
_h420.7, RAM
999 _c1382854
_d1382854